000 01794nam0a22002771 4500
001 rc\3654162
005 20130115150114.6
021 _aRU
_b[74-47397]
035 _a(NLR Aleph) 007736029
090 _a7107104
_c7107104
100 _a20130115d1974 |||y0rusy50 ca
101 1 _arus
_cukr
102 _aRU
105 _aa z |||a|
200 1 _aМне приснился гром
_eРоман и новеллы
_eАвториз. пер. с укр.
_f[Ил.: Е.А. Сумнительный]
210 _aМосква
_cСов. писатель
_d1974
215 _a342 с.
_cил.
_d20
327 0 _aСодерж.: Капля крови: Роман; Новеллы: Смерть Сократа (Четыре встречи стратега с Сократом); Живи, Омельян!; Хата моего детства; Сельская карусель; Мне приснился гром; Квашня; Чужие жизни; Васильки; Сапоги; Мыс Любви, и др. новеллы
464 0 _12001#$aКапля крови$eРоман$aСмерть Сократа. (Четыре встречи стратега с Сократом)$eНовелла$aЖиви, Омельян!$eНовелла$aХата моего детства$eНовелла$aСельская карусель$eНовелла$aМне приснился гром$eНовелла$aКвашня$eНовелла$aЧужие жизни$eНовелла$aВасильки$eНовелла$aСапоги$eНовелла$aМыс Любви$eНовелла
700 1 _aМушкетик
_bЮ. М.
_f1929-
_gЮрий Михайлович
702 1 _aСумнительный
_bЕ. А.
_4440
801 0 _aRU
_bNLR
_gpsbo
801 1 _aRU
_bELAR
_2rusmarc
852 _aNLR
_j74-3/288
942 _cBOOK
980 _aNB